000 00813nam a2200229 a 4500
001 000010118
005 20240412074215.0
008 091005s2004 dr a 000 0 spa d
020 _a9993497479
040 _aDO-SdBNP
_bspa
_cBNPHU
082 _aRD861.44
_bG633L
100 1 _aGómez Rosa, Alexis,
_d1950-
_923501
245 1 0 _aLápida circa :
_by otros epitáfios de la torre abolida /
_cAlexis Gómez Rosa; prólogo José Marmol.
260 _aSanto Domingo :
_bManatí,
_c2004.
300 _a148 p. :
_bil ;
_c22 cm.
500 _aIncluye datos biográficos del autor en la solapa de la cubierta
590 _aInventariado, 2018/LP
650 0 _aPoesía dominicana
_966
650 0 _aLiteratura dominicana.
_967
700 1 2 _aMármol, José,
_d1960-
_epról.
_96454
910 _aValidado. Control de calidad MFF
999 _c9877
_d9877